Business Architecture Management: architecting the Business for consistency and alignment
Guardat en:
| Autors principals: | , |
|---|---|
| Format: | Llibre |
| Idioma: | anglès |
| Publicat: |
Heidelberg
Springer
2015
|
| Edició: | 1a. ed |
| Col·lecció: | Management for Professionals
|
| Matèries: | |
| Etiquetes: |
Afegir etiqueta
Sense etiquetes, Sigues el primer a etiquetar aquest registre!
|
MARC
| LEADER | 00000cam a2200000 a 4500 | ||
|---|---|---|---|
| 001 | UCE9029 | ||
| 003 | CL-VaPUC | ||
| 008 | 150928e20150000gw |||||||||||||||||eng|d | ||
| 020 | |a 9783319145709 | ||
| 082 | 0 | 4 | |a 658.4012 |b SIM |2 21 |
| 100 | 0 | |a Simon, Daniel |e author |9 581741 | |
| 700 | 0 | |a Schmidt, Christian |e author |9 581742 | |
| 245 | 1 | 0 | |a Business Architecture Management: architecting the Business for consistency and alignment |
| 250 | |a 1a. ed | ||
| 300 | |a 304 p | ||
| 942 | |c BK | ||
| 945 | |d 20150928 14:02:00 |a dcastane | ||
| 260 | |a Heidelberg |b Springer |c 2015 | ||
| 650 | 0 | |a Planificación estratégica |9 259735 | |
| 650 | 0 | |a Administración de empresas |9 260833 | |
| 583 | |a last modification |c 20160929 09:34:50 |k Rodrigo Vera | ||
| 490 | 0 | |a Management for Professionals | |
| 999 | |c 360768 |d 360766 | ||
| 952 | |0 0 |1 0 |3 erd |4 0 |6 658_401200000000000_SIM_2015 |7 0 |8 A |9 470718 |a BIBING |b BIBING |i 5199794 |o 658.4012 SIM 2015 |p 5199794 |r 2025-01-20 |w 2019-11-23 |y BK |z Catalogado en:20150928 |k EII | ||